Países com maior proficiência em inglês - Statistics

Estatísticas Gerais
  • Esse quiz foi jogado 25 vezes
  • A pontuação média é 14 de 20
Estatísticas das Respostas
Pontuação Países % Correto
610 Noruega
100%
608 Suécia
100%
603 Dinamarca
95%
590 Finlândia
95%
592 Bélgica
86%
636 Países Baixos
86%
598 Alemanha
82%
600 Áustria
82%
588 Polônia
77%
607 Croácia
73%
605 Portugal
73%
586 Bulgária
68%
584 Eslováquia
68%
602 Grécia
68%
585 Hungria
68%
593 Romênia
68%
578 Estônia
64%
609 Singapura
41%
594 África do Sul
23%
581 Quênia
14%
Nenhum quiz correspondente encontrado
Distribuição das Pontuações
Porcentagem de Pessoas com Cada Pontuação
Percentil de Números Respondidos
Sua Pontuação Histórica
Você não jogou esse quiz